Catalog

Record Details

Catalog Search



Available copies

  • 3 of 3 copies available at LARL/NWRL Consortium. (Show)
  • 1 of 1 copy available at Northwest Regional Library.

Current holds

0 current holds with 3 total copies.

Show All Copies
Location Call Number / Copy Notes Barcode Shelving Location Status Due Date
Greenbush Public Library ya DAO (Text) 35500006427007 Main Available -

Record details

  • ISBN: 9781368046381
  • ISBN: 136804638X
  • Physical Description: 311 pages ; 22 cm.
  • Edition: First edition.
  • Publisher: Los Angeles : Hyperion, 2020.

Content descriptions

Summary, etc.:
"Elva must learn to wield her magical powers in a ... Read More
Target Audience Note:
Ages 14-18. Disney Hyperion.
Grades 10-12. Disney Hyperion.
Subject: Blessing and cursing > Fiction.
Witches > Fiction.
Magic > Fiction.
Fantasy.
LDR 01339cam a22004218i 4500
001351538
003LARL_NWRL_CONSORTIUM
00520201228163916.0
008200415s2020 cau d 000 1 eng
010 . ‡a 2020002172
040 . ‡aDLC ‡beng ‡erda ‡cDLC ‡dBDX
020 . ‡a9781368046381 ‡q(hardcover)
020 . ‡a136804638X
020 . ‡z9781368065146 ‡q(ebook)
035 . ‡a(OCoLC)1151541822
042 . ‡alcac ‡apcc
08200. ‡a[Fic] ‡223
1001 . ‡aDao, Julie C., ‡eauthor. ‡0(LARL_NWRL_CONSORTIUM)223423
24510. ‡aBroken wish / ‡cJulie C. Dao.
250 . ‡aFirst edition.
264 1. ‡aLos Angeles : ‡bHyperion, ‡c2020.
300 . ‡a311 pages ; ‡c22 cm.
336 . ‡atext ‡btxt ‡2rdacontent
337 . ‡aunmediated ‡bn ‡2rdamedia
338 . ‡avolume ‡bnc ‡2rdacarrier
4900 . ‡aMirror ; ‡v1
520 . ‡a"Elva must learn to wield her magical powers in a town that fears all witches while righting her family's past wrongs before it's too late"-- ‡cProvided by publisher.
521 . ‡aAges 14-18. ‡bDisney Hyperion.
521 . ‡aGrades 10-12. ‡bDisney Hyperion.
650 1. ‡aBlessing and cursing ‡vFiction. ‡0(LARL_NWRL_CONSORTIUM)163718
650 1. ‡aWitches ‡vFiction. ‡0(LARL_NWRL_CONSORTIUM)168002
650 1. ‡aMagic ‡vFiction. ‡0(LARL_NWRL_CONSORTIUM)165984
650 1. ‡aFantasy. ‡0(LARL_NWRL_CONSORTIUM)19981
905 . ‡uvanderl
901 . ‡a351538 ‡b ‡c351538 ‡tbiblio ‡soclc

Additional Resources